|
|
|
|
| LEADER |
01234nam a2200289 a 4500 |
| 001 |
28823 |
| 003 |
BD-DhAAL |
| 005 |
20150110105137.0 |
| 008 |
150110r19871986nyu 000 1 eng |
| 010 |
|
|
|a 87007411
|
| 020 |
|
|
|a 0932379281 (alk. paper)
|
| 020 |
|
|
|a 0932379273 (pbk. : alk. paper)
|
| 040 |
|
|
|a DLC
|c DLC
|d DLC
|d BD-DhAAL
|
| 050 |
0 |
0 |
|a PR6052.U625
|b T47 1987
|
| 082 |
0 |
0 |
|a 823/.914
|2 19
|
| 100 |
1 |
|
|a Burford, Barbara.
|9 7270
|
| 245 |
1 |
4 |
|a The threshing floor :
|b short stories /
|c by Barbara Burford.
|
| 260 |
|
|
|a Ithaca, N.Y. :
|b Firebrand Books,
|c c1987.
|
| 300 |
|
|
|a 210 p. ;
|c 22 cm.
|
| 500 |
|
|
|a Reprint. Originally published: London : Sheba Feminist Publishers, 1986.
|
| 505 |
0 |
|
|a Dreaming the sky down -- The pinstripe summer -- He said -- Miss Jessie -- Coming of age -- A time for every purpose -- The threshing floor.
|
| 541 |
|
|
|e 28823
|
| 650 |
|
0 |
|a Women, Black
|x Fiction.
|9 7271
|
| 655 |
|
7 |
|a Feminist fiction.
|2 lcsh
|9 7272
|
| 942 |
|
|
|2 ddc
|c BK
|
| 999 |
|
|
|c 33436
|d 33436
|
| 952 |
|
|
|0 0
|1 0
|2 ddc
|4 0
|6 823_914000000000000_BUR
|7 0
|9 44693
|a BRACUL
|b BRACUL
|c GEN
|d 2015-01-10
|e BRAC Institute of Language (BIL)
|l 1
|o 823.914 BUR
|p 3010028823
|r 2025-02-24
|s 2025-02-20
|t 1
|w 2015-01-10
|y BK
|x Transferred from BIL to BRACUL on 06/06/22
|